| 000 | 00433nam a2200169Ia 4500 | ||
|---|---|---|---|
| 003 | GCL | ||
| 008 | 140319s9999 xx 000 0 eng d | ||
| 040 |
_aGCL / _cGCL |
||
| 082 | 0 | 4 |
_a301 _bM F |
| 100 | 1 | _aMONTOUSSE, MARC | |
| 245 | 1 | 0 |
_a100 FICHES POUR COMPRENDRE LA SOCIOLOGIE / _cMONTOUSSE, MARC |
| 700 | 1 | _aRENOUARD, GILLES | |
| 260 |
_a[S.N] : _bBREAL ، _c1992 |
||
| 300 | _a234 P | ||
| 650 | 0 | 4 | _aSOCIOLOGY |
| 942 |
_2ddc _cBK |
||
| 999 |
_c16052 _d16052 |
||